000
00255nam a2200109 a 4500
005
20140414132017.0
008
110314s19uu xx 00 eng d
050
_a
TR
_b
C51 1999
100
_a
Maccarone, Grace
245
_a
The class trip.
999
_c
113392
_d
113392